00000000nam 2200000zi 4500
0019.945419
003CaOODSP
00520241121115939
006m     o  d f      
007cr mn|||||||||
008231003t19771977onco    or   f000 0 fre d
040 |aCaOODSP|bfre|erda|cCaOODSP
043 |an-cn---
0861 |aC23-301/1977F-PDF
24500|aGuide de l'acheteur étranger fabricants d'équipement électrique au Canada.
24634|aÉlectricité Canada
264 1|aOttawa, Canada : |bMinistère de l'Industrie et du Commerce, |c[1977]
264 1|c©1977
300 |a1 ressource en ligne (47 pages) : |bphotographies
336 |atexte|btxt|2rdacontent/fre
337 |ainformatique|bc|2rdamedia/fre
338 |aressource en ligne|bcr|2rdacarrier/fre
500 |aÉdition numérisée de l'imprimé [par Innovation, sciences et développement économique Canada].
500 |aPublié aussi en anglais sous le titre : An export directory of Canadian electrical manufacturers.
650 6|aIndustries électriques|zCanada|vRépertoires.
650 6|aMarchés d'exportation|zCanada|vRépertoires.
650 6|aMachines électriques|xIndustrie|zCanada|vRépertoires.
655 7|aRépertoires|2rvmgf
7101 |aCanada. |bMinistère de l'industrie et du commerce, |eorganisme de publication.
77508|tAn export directory of Canadian electrical manufacturers.|w(CaOODSP)9.934033
85640|qPDF|s3.77 Mo|uhttps://publications.gc.ca/collections/collection_2024/isde-ised/c23/C23-301-1977-fra.pdf